000 00257nam a22001217a 4500
008 190227b xxu||||| |||| 00| 0 eng d
041 _aeng
080 _212th
_a618
100 _a10
101 _aGJIN
245 _aGynecology
_cBerek,J.S
942 _2udc
_cBK
999 _c54330
_d54330